000 00477nam a2200169Ia 4500
999 _c7613
_d7613
003 OSt
005 20200116112641.0
008 190216s9999||||xx |||||||||||||| ||und||
040 _coclc
082 _a658.1511
_bGUP/M
100 _aGupta, S P
_9766
245 0 _aManagement Accounting /
_cS P Gupta
250 _a15th ed.
260 _bSahitya Bhawan Publications,
_c2010.
_aAgra:
300 _a704p
942 _cBK
_2ddc
_h658.1511
_iGUP/M
_k658.1511
_mGUP/M